Score 0/16 Timer 01:00
3 Plays Today
% Correct
Al Bundy
86.5%
Gilligan
84.6%
Columbo
82.7%
Angus MacGyver
81.6%
Lorelai Gilmore
79.8%
Temperance 'Bones' Brennan
71.5%
Piper Chapman
68.9%
Olivia Benson
67.4%
% Correct
Jake Peralta
64.6%
Abby Sciuto
63.7%
Andy Sipowicz
61.8%
Emma Swan
59.5%
Josiah Bartlett
56.8%
Jeff Winger
51.5%
Kate Beckett
49.9%
Dale Cooper
45.9%
Remove Ads.
Support Sporcle.
Get the best of Sporcle when you Go Orange. This ad-free experience offers more features, more stats, and more fun while also helping to support Sporcle. Thank you for becoming a member.

You're not logged in!

Compare scores with friends on all Sporcle quizzes.
OR
Log In

Show Comments

Extras

Top Quizzes Today


Score Distribution

Your Account Isn't Verified!

In order to create a playlist on Sporcle, you need to verify the email address you used during registration. Go to your Sporcle Settings to finish the process.

Report this User

Report this user for behavior that violates our Community Guidelines.

Details: